Manual de leguminosas de Nicaragua. Tomo1

Bibliographic Details
Main Authors: Chase, Larry, Hanger, Nancy C.
Format: Section = Libro
Language:Undetermined
Spanish
Published: México Limusa/Wiley 2000
Subjects:
LEADER 00705nam a2200241Ia 4500
008 240830s9999 xx 000 0 und d
020 |a 968-18-5770-4 
040 |a B-ESTELÍ- RUACS / 633.17 B612 
041 |a spa 
082 |a 633.17 B612 
100 1 |a Chase, Larry 
100 1 |b  Hanger, Nancy C. 
245 1 0 |a Manual de leguminosas de Nicaragua. Tomo1 
260 |a México  |b Limusa/Wiley  |c 2000 
300 |a 310 p. :il 
650 7 |a MERCADEO DE CORREO DIRECTO - INTERNET 
650 7 |b  CANALES DE DISTRIBUCION - CORREO ELCTRONICO 
650 7 |c  RECURSOS HUMANOS 
650 7 |d  ESTRATEGIAS DE NEGOCIO 
650 7 |e  RELACIONES PÚBLICAS - INTERNET 
942 |c BK  |2 ddc 
991 |a TEXTO 
999 |c 11341